[Event "TCh-CRO"]
[Site "Rabac CRO"]
[Date "2004.06.26"]
[Round "8"]
[White "Sikanjic,B"]
[Black "Lalic,B"]
[Result "0-1"]
[WhiteElo "2145"]
[BlackElo "2535"]

1.c4 e6 2.Nf3 d5 3.g3 dxc4 4.Qa4+ c6 5.Qxc4 b5 6.Qc2 Bb7 7.Bg2 Nd7 8.O-O Ngf6
9.b3 Be7 10.Bb2 c5 11.d3 O-O 12.Nbd2 a6 13.Rac1 Qb6 14.Qb1 Rfd8 15.Qa1 Bf8
16.Rc2 a5 17.a4 Nd5 18.d4 Nb4 19.Rcc1 g6 20.Rfd1 bxa4 21.Nc4 Qa6 22.bxa4 Rac8
23.Nfe5 Bxg2 24.Kxg2 cxd4 25.Rxd4 Nxe5 26.Rxd8 Nxc4 27.Rxc8 Qxc8 28.Bd4 e5
29.Bxe5 Qe6 30.Bh8 Qe4+ 31.Kg1 Nc6 32.Qc3 N6e5 33.Bf6 Qxe2 34.Bxe5 Nxe5 35.Rc2 Nf3+
36.Kg2 Ne1+ 37.Kh3  0-1

[Event "IMB"]
[Site "Brno CZE"]
[Date "2004.07.04"]
[Round "2"]
[White "Banas,J"]
[Black "Arzumanian,G"]
[Result "1/2-1/2"]
[WhiteElo "2334"]
[BlackElo "2433"]

1.c4 e6 2.Nf3 d5 3.d4 c6 4.Nbd2 Nf6 5.g3 c5 6.Bg2 Nc6 7.cxd5 exd5 8.O-O c4
9.Nb1 Ne4 10.Ne5 Bf5 11.Nxc6 bxc6 12.Qa4 Qd7 13.Nc3 Nxc3 14.bxc3 Bd6 15.f3 O-O
16.e4 Be6 17.Ba3  1/2-1/2

[Event "Open A"]
[Site "Klatovy CZE"]
[Date "2004.07.04"]
[Round "2"]
[White "Maly,Ant"]
[Black "Kracik,D"]
[Result "0-1"]
[WhiteElo "1982"]
[BlackElo "2050"]

1.c4 e6 2.Nf3 d5 3.e3 Nf6 4.Nc3 c5 5.d4 Nc6 6.dxc5 Bxc5 7.a3 a5 8.Be2 O-O
9.O-O b6 10.cxd5 exd5 11.Bb5 Bb7 12.Qc2 Qc7 13.Bd3 Ne5 14.Nb5 Nxf3+ 15.gxf3 Qe5
16.Bd2 Qh5 17.Be2 Qh3 18.Kh1 d4 19.e4 Rfe8 20.Rg1 Nxe4 21.Rg2 Nxf2+ 22.Rxf2 Rxe2
23.Rxe2 Bxf3+ 24.Kg1  0-1

[Event "22nd Open"]
[Site "Andorra la Vella AND"]
[Date "2004.07.07"]
[Round "5"]
[White "Damljanovic,B"]
[Black "Fressinet,L"]
[Result "1-0"]
[WhiteElo "2583"]
[BlackElo "2637"]

1.c4 e6 2.Nf3 d5 3.d4 Nf6 4.Bg5 c6 5.Nbd2 h6 6.Bxf6 Qxf6 7.a3 Nd7 8.e4 dxe4
9.Nxe4 Qf4 10.Bd3 Be7 11.O-O O-O 12.Re1 b6 13.b4 c5 14.bxc5 bxc5 15.d5 Bf6
16.dxe6 fxe6 17.Nxf6+ Nxf6 18.Rb1 Bd7 19.Ne5 Be8 20.g3 Qd4 21.Bf1 Qxd1 22.Rbxd1 Bh5
23.Rd6 Rad8 24.Rxe6 Rd2 25.f4 Rb8 26.Rc6 Ra2 27.Rxc5 Rxa3 28.Rc7 Kh8 29.c5 Nd5
30.Rd7 Nf6 31.Rd2 Rc3 32.c6 Ng4 33.Nxg4 Bxg4 34.Bg2 Rc8 35.Kf2 a5 36.Re5 Rf8
37.h3 Bc8 38.Rxa5 g5 39.Ra4 Kg7 40.Ra7+ Kh8 41.Rd6  1-0

[Event "111th ch-SCO"]
[Site "Hamilton SCO"]
[Date "2004.07.13"]
[Round "4"]
[White "McNab,C"]
[Black "Aagaard,J"]
[Result "0-1"]
[WhiteElo "2427"]
[BlackElo "2411"]

1.c4 e6 2.Nf3 d5 3.b3 c6 4.g3 a5 5.Bg2 a4 6.Ba3 Qf6 7.d4 axb3 8.axb3 Bb4+
9.Kf1 Bxa3 10.Rxa3 Rxa3 11.Nxa3 Nd7 12.Nc2 Qd8 13.Nd2 Ngf6 14.e4 dxe4 15.Nxe4 O-O
16.Nxf6+ Nxf6 17.Bf3 Qb6 18.b4 e5 19.dxe5 Nd7 20.c5 Qa7 21.e6 fxe6 22.Qe2 Qa2
23.Kg2 Qb3 24.Ra1 Kh8 25.Ra3 Qb2 26.Re3 Nf6 27.h4 h6 28.Re5 Bd7 29.b5 cxb5
30.Bxb7 Ng4 31.Qxg4 Qxe5 32.Qd4 Qc7 33.Be4 Bc6 34.Ne3 e5  0-1

[Event "15th Open"]
[Site "Ljubjana SLO"]
[Date "2004.07.14"]
[Round "7"]
[White "Barle,J"]
[Black "Pavasovic,D"]
[Result "1-0"]
[WhiteElo "2385"]
[BlackElo "2592"]

1.c4 e6 2.Nf3 d5 3.e3 Nf6 4.Nc3 c6 5.b3 Nbd7 6.Bb2 b6 7.d4 Bb7 8.Bd3 Bd6
9.O-O O-O 10.Rc1 c5 11.Qe2 Re8 12.cxd5 exd5 13.Ba6 Qc8 14.Bxb7 Qxb7 15.Rfd1 Rac8
16.dxc5 bxc5 17.Qd2 Nb6 18.Nb5 Ne4 19.Nxd6 Nxd6 20.Rxc5 Rxc5 21.Qd4 Nf5 22.Qxc5 Qa6
23.Qc2 Ne7 24.Ng5 Ng6 25.Qf5 Re7 26.Qc2 Re8 27.Bd4 h6 28.Nf3 Ne7 29.Qb2 f6
30.h3 Rc8 31.Bxf6 gxf6 32.Qxf6 Nc6 33.Nd4 Qb7 34.Nf5 Qd7 35.Qg6+ Kf8 36.Qxh6+ Kg8
37.Qg6+ Kh8 38.Qf6+ Kh7 39.e4 Re8 40.Rd3  1-0

[Event "ITT Copa CMSalud"]
[Site "Vicente Lopez ARG"]
[Date "2004.07.18"]
[Round "9"]
[White "Giardelli,S"]
[Black "Molina,Jo"]
[Result "1/2-1/2"]
[WhiteElo "2434"]
[BlackElo "2281"]

1.c4 e6 2.Nf3 d5 3.g3 Nf6 4.Bg2 c5 5.O-O Nc6 6.cxd5 exd5 7.d4 Be7 8.b3 O-O
9.Bb2 Ne4 10.Nc3 Bf6 11.Na4 b6 12.Rc1 Re8 13.Re1 Be6 14.dxc5 Bxb2 15.Nxb2 bxc5
16.Na4 c4 17.Nd2 cxb3 18.axb3 Qf6 19.Bxe4 dxe4 20.Nc5 e3  1/2-1/2

[Event "XIII Open"]
[Site "Castellar del Valles ESP"]
[Date "2004.07.19"]
[Round "6"]
[White "Vidarte Morales,A"]
[Black "Panelo,M"]
[Result "1/2-1/2"]
[WhiteElo "2367"]
[BlackElo "2410"]

1.c4 e6 2.Nf3 d5 3.d4 Nf6 4.Nc3 Be7 5.cxd5 exd5 6.Bg5 c6 7.Qc2 g6 8.e3 Bf5
9.Bd3 Bxd3 10.Qxd3 Nbd7 11.O-O O-O 12.Rab1 a5 13.a3 Ne4 14.Bh6 Re8 15.Nxe4 dxe4
16.Qxe4 Bxa3 17.Qc2 Bb4 18.Bg5 f6 19.Bf4 Qe7 20.Ne1 Nb6 21.Nd3 Nd5 22.Bg3 Kg7
23.Nc5 Bxc5 24.dxc5 Qe4 25.Qb3 Qb4 26.Qc2 a4 27.Rfd1 Re4 28.Bd6 Rc4 29.Qd3 Re8
30.h3 Rce4 31.Qa3 Qb5 32.Qd3 Rb4 33.Qc2 Ree4 34.Qd3 Qxd3 35.Rxd3 Rec4 36.Bg3 Nc3
37.Rd7+ Kh6 38.Re1 Rxb2 39.Bd6 a3 40.g4 Kg5 41.Rxh7 Rxg4+ 42.hxg4 a2 43.f3 Nd5
44.Rh2 Rb1 45.Rxa2 Rxe1+ 46.Kf2 Rxe3 47.Rb2 Ra3 48.Rxb7 f5 49.gxf5 gxf5 50.Rg7+ Kf6
51.Rg8 Ra2+ 52.Kg3 Ne3 53.Rf8+ Kg6 54.Rg8+  1/2-1/2

[Event "MTO"]
[Site "Biel SUI"]
[Date "2004.07.20"]
[Round "2"]
[White "Epiney,F"]
[Black "Malysheva,P"]
[Result "0-1"]
[WhiteElo "2078"]
[BlackElo "2364"]

1.c4 e6 2.Nf3 d5 3.d4 c5 4.cxd5 exd5 5.g3 Nc6 6.Bg2 Nf6 7.O-O Be7 8.Nc3 O-O
9.Bg5 cxd4 10.Nxd4 h6 11.Be3 Re8 12.Rc1 Bf8 13.a3 Bg4 14.h3 Be6 15.Nxc6 bxc6
16.Bd4 Nh7 17.Be3 Ng5 18.Kh2 Bd6 19.Qd2 Nxh3 20.f4 Qe7 21.Nd1 Qd7 22.f5 Bxf5
23.Bxh6 gxh6 24.Bxh3 Bxh3 25.Qxh6 Bxg3+  0-1

[Event "MTO"]
[Site "Biel SUI"]
[Date "2004.07.22"]
[Round "4"]
[White "Taylor,Pe"]
[Black "Malysheva,P"]
[Result "1/2-1/2"]
[WhiteElo "2247"]
[BlackElo "2364"]

1.c4 e6 2.Nf3 d5 3.d4 c5 4.cxd5 exd5 5.Nc3 Nc6 6.g3 Nf6 7.Bg2 Be7 8.O-O O-O
9.Bg5 cxd4 10.Nxd4 h6 11.Be3 Re8 12.Rc1 Bf8 13.Na4 Qa5 14.Nxc6 bxc6 15.Rxc6 Bd7
16.Bd2 Qb5 17.Rxf6 gxf6 18.Nc3 Qc5 19.Nxd5 Bg7 20.Bb4 Qb5 21.Ba3 Rac8 22.Ne7+ Rxe7
23.Bxe7 Bg4 24.Qd2 Bxe2 25.Rc1 Rxc1+ 26.Qxc1 f5 27.b4 Qd3 28.Bf1 f4 29.Bxe2 Qxe2
30.Qc8+ Kh7 31.Qf5+ Kg8 32.Qc8+ Kh7 33.Qf5+ Kg8 34.Qc8+  1/2-1/2

[Event "MTO"]
[Site "Biel SUI"]
[Date "2004.07.22"]
[Round "4"]
[White "Sprotte,N"]
[Black "Kaenel,H"]
[Result "0-1"]
[WhiteElo "2232"]
[BlackElo "2356"]

1.c4 e6 2.Nf3 d5 3.b3 Nf6 4.g3 b6 5.Bg2 Bb7 6.O-O Be7 7.Bb2 O-O 8.e3 Nbd7
9.cxd5 Nxd5 10.d4 c5 11.Nc3 Rc8 12.Nxd5 Bxd5 13.Qe2 Qc7 14.e4 Bb7 15.Rac1 Qb8
16.h4 Qa8 17.Ng5 cxd4 18.Bxd4 e5 19.Rxc8 Qxc8 20.Bb2 Ba6 21.Qh5 Nf6 22.Qf3 Bxf1
23.Bxf1 h6 24.Nxf7 Kxf7 25.Bc4+ Kg6  0-1

[Event "Politiken Cup"]
[Site "Copenhagen DEN"]
[Date "2004.07.27"]
[Round "5"]
[White "Rasmussen,K"]
[Black "Bromann,T"]
[Result "1/2-1/2"]
[WhiteElo "2470"]
[BlackElo "2348"]

1.c4 e6 2.Nf3 d5 3.d4 c6 4.Qc2 f5 5.Bf4 Bd6 6.Bxd6 Qxd6 7.e3 Nf6 8.Bd3 Ne4
9.Ne5 Nd7 10.Nxd7 Bxd7 11.f3 Nf6 12.Nc3 e5 13.cxd5 Nxd5 14.Nxd5 Qxd5 15.Bxf5 Qa5+
16.Kf2 O-O-O 17.Qc3 Qc7 18.Bc2 exd4 19.Qxd4 Be6 20.Qc3 Rd7 21.Rad1 Rxd1 22.Bxd1 Rd8
23.Be2 g5 24.Qf6 Bxa2 25.Ra1 Qf7 26.Qxg5 a6 27.Qg4+ Be6 28.Bc4 Rd2+ 29.Kg3 Qc7+
30.Qf4 Qxf4+ 31.exf4 Bxc4 32.b4 Rb2 33.Re1 Kd7 34.f5 Rxb4 35.Kh4 Rb2 36.g4 Re2
37.Rd1+ Ke7 38.Kg5 Rxh2 39.f6+ Ke6 40.f4 Bd5 41.Re1+ Kf7 42.Re7+ Kf8 43.Rxb7 Bf7
44.Rb6 h5 45.Rxa6 hxg4 46.Kxg4 Be6+ 47.f5 Bd5 48.Ra7 Rf2 49.Kg5 Rg2+ 50.Kf4 Ra2
51.Rc7 Rf2+ 52.Kg5 Re2 53.Rc8+ Kf7 54.Rc7+ Ke8 55.f7+ Bxf7  1/2-1/2

[Event "MTO"]
[Site "Biel SUI"]
[Date "2004.07.29"]
[Round "10"]
[White "Rukavina,J"]
[Black "Ciric,Dr"]
[Result "1/2-1/2"]
[WhiteElo "2428"]
[BlackElo "2159"]

1.c4 e6 2.Nf3 d5 3.b3 Nf6 4.g3 Be7 5.Bg2 O-O 6.O-O b6 7.d4 Bb7 8.cxd5 Nxd5
9.Bb2 Nd7 10.a3 a5 11.Nbd2 c5 12.e3 cxd4 13.exd4 Rc8 14.Rc1 Rxc1 15.Qxc1 Qa8
16.Qb1 Rc8 17.Rc1 N5f6 18.Rxc8+ Qxc8 19.Bf1 Qa8 20.Ne1 Ne4 21.Nxe4 Bxe4 22.Qc1 Qb7
23.Nd3 h6  1/2-1/2

[Event "Open Dutch Champ"]
[Site "Dieren NED"]
[Date "2004.08.04"]
[Round "8"]
[White "Gouw,C"]
[Black "Friesen,B"]
[Result "0-1"]
[WhiteElo "2189"]
[BlackElo "2040"]

1.c4 e6 2.Nf3 d5 3.g3 Nf6 4.Bg2 c5 5.O-O Be7 6.cxd5 exd5 7.d4 Nc6 8.Nc3 O-O
9.Bf4 cxd4 10.Nxd4 Qb6 11.Be3 Qxb2 12.Nxd5 Nxd5 13.Bxd5 Nxd4 14.Bxd4 Qb5
15.Qb3 Qxb3 16.axb3 Rd8 17.e4 a6 18.Bb6 Rd6 19.Be3 Bh3 20.Rfc1 Rd7 21.Rc2 Be6
22.Bxe6 fxe6 23.Rac1 Ba3 24.Ra1 Be7 25.Rac1 Ba3 26.Rc7 Bxc1 27.Rxd7 Bxe3
28.fxe3 b5 29.Re7 a5 30.Rxe6 a4 31.bxa4 bxa4 32.Rc6 a3 33.Rc1 a2 34.Ra1 Kf7
35.Kf2 Kf6 36.Ke2 Ke5 37.Kf3 Ra5 38.h3 Ra6 39.h4 Ra7 40.g4 Ra6 41.Kf2 Kxe4
42.Ke2 Ra7 43.Kf2 Ra3  0-1

[Event "Australian Masters"]
[Site "Melbourne AUS"]
[Date "2004.08.10"]
[Round "7"]
[White "Johansen,D"]
[Black "Canfell,G"]
[Result "1-0"]
[WhiteElo "2483"]
[BlackElo "2325"]

1.c4 e6 2.Nf3 d5 3.d4 c5 4.cxd5 exd5 5.g3 Nc6 6.Bg2 Nf6 7.O-O Be7 8.dxc5 Bxc5
9.b3 O-O 10.Bb2 d4 11.Na3 Bf5 12.Rc1 b6 13.Nc2 d3 14.exd3 Qxd3 15.Bxf6 gxf6
16.Nh4 Qxd1 17.Rfxd1 Bxc2 18.Rxc2 Rad8 19.Rxd8 Nxd8 20.Rc4 Ne6 21.b4 Bd4
22.Nf5 Rd8 23.Bd5 b5 24.Rc6 Bb6 25.Kf1 Nd4 26.Rxf6 Rd7 27.Ne3 Nc2 28.Nxc2 Rxd5
29.Ke2 Re5+ 30.Ne3 Re4 31.a3 Kg7 32.Rd6 f5 33.Rd5 f4 34.gxf4 Rxf4 35.Rxb5 Kg6
36.a4 Rh4 37.a5 Bxe3 38.Kxe3 Rxh2 39.Rb7 Rh4 40.f4 Rh3+ 41.Kd4 Rb3 42.Kc4 Rf3
43.Rxa7 Rxf4+ 44.Kb5 Rf5+ 45.Ka4 h5 46.Rc7 h4 47.Rc3 Rf6 48.b5 Rf4+ 49.Ka3 Rf5
50.Rb3 h3 51.Rxh3 Rxb5 52.Ka4 Rf5 53.Rg3+ Kf7 54.a6 Ke7 55.a7 Rf8 56.Kb5 Kd7
57.Rg7+ Kd6 58.Kb6  1-0

[Event "14th Open"]
[Site "Abu Dhabi UAE"]
[Date "2004.08.15"]
[Round "2"]
[White "Ghaem Maghami,E"]
[Black "Nezad,H"]
[Result "1-0"]
[WhiteElo "2552"]
[BlackElo "2312"]

1.c4 e6 2.Nf3 d5 3.g3 Nf6 4.Bg2 c6 5.Qc2 Be7 6.O-O O-O 7.d4 Nbd7 8.Bf4 Nh5
9.Bc1 Nhf6 10.Rd1 b6 11.Nc3 Ba6 12.b3 Rc8 13.Bb2 dxc4 14.e4 Qc7 15.h3 Qb8
16.Qe2 b5 17.bxc4 bxc4 18.Qc2 Nb6 19.Rab1 Bb7 20.Bc1 Qa8 21.Bg5 h6 22.Bxf6 Bxf6
23.a4 c5 24.a5 cxd4 25.Nxd4 Rcd8 26.Ndb5 Rxd1+ 27.Nxd1 Nd7 28.Nd6 Bc6 29.Nxc4 Nc5
30.Nd6 Rd8 31.Nxf7 Kxf7 32.Qxc5 Bxe4 33.Ne3 Bxg2 34.Nxg2 Kg8 35.Qe3 Rd6 36.Nf4 Bd4
37.Qb3 Qe4 38.Rd1 Kh7 39.Kh2 e5 40.Ng2 Rf6 41.f4 exf4 42.Nxf4 g5 43.Rc1 gxf4
44.Rc7+ Kg6 45.Qg8+ Kf5 46.Qg4+ Ke5 47.Re7+ Kd5 48.Qd7+ Rd6 49.Qb7+  1-0

[Event "14th Open"]
[Site "Abu Dhabi UAE"]
[Date "2004.08.17"]
[Round "4"]
[White "Mashinskaya,I"]
[Black "Nezad,H"]
[Result "1-0"]
[WhiteElo "2234"]
[BlackElo "2312"]

1.c4 e6 2.Nf3 d5 3.b3 Be7 4.Bb2 Bf6 5.Nc3 Ne7 6.e3 O-O 7.Be2 c5 8.Qc2 Nbc6
9.a3 b6 10.O-O Bb7 11.Ne1 Qd7 12.f4 Rad8 13.d3 Nf5 14.Nd1 Bxb2 15.Qxb2 Rfe8
16.Nf3 Qe7 17.g4 Nh4 18.Nf2 dxc4 19.bxc4 Na5 20.Nxh4 Qxh4 21.Qe5 f5 22.Rae1 Nc6
23.Qb2 e5 24.Bf3 fxg4 25.Bd5+ Kh8 26.f5 Na5 27.Ne4 Bxd5 28.cxd5 c4 29.f6 cxd3
30.f7 Rf8 31.Qxe5 h6 32.Rc1 Qh3 33.Ng3 Nb3 34.Nh5 Qxh5 35.Qxh5 Nxc1 36.Rxc1 Rd7
37.Qxg4 Rfxf7 38.Rc8+  1-0

[Event "14th Open"]
[Site "Abu Dhabi UAE"]
[Date "2004.08.18"]
[Round "5"]
[White "Amer,Moh"]
[Black "Nezad,H"]
[Result "0-1"]
[WhiteElo "2220"]
[BlackElo "2312"]

1.c4 e6 2.Nf3 d5 3.b3 Nf6 4.Bb2 c5 5.e3 Nc6 6.cxd5 exd5 7.d4 cxd4 8.Nxd4 Bd6
9.Be2 O-O 10.O-O Qe7 11.Nc3 Rd8 12.a3 a6 13.b4 Qe5 14.g3 Bh3 15.Re1 Qg5 16.f4 Qh6
17.Bf3 Ne7 18.Qe2 Rac8 19.Rad1 Bb8 20.e4 Ba7 21.Kh1 dxe4 22.Nxe4 Nfd5 23.Ng5 Bd7
24.Be4 Bxd4 25.Rxd4 Nf5 26.Bxf5 Bxf5 27.Rxd5 Qc6 28.Qf3 Rxd5 29.g4 Bxg4 30.Qe4 Rd1  0-1

[Event "ch-ESP Abierto"]
[Site "Seville ESP"]
[Date "2004.08.18"]
[Round "6"]
[White "Cuenca Jimenez,J"]
[Black "Garcia Vicente,N"]
[Result "1-0"]
[WhiteElo "2378"]
[BlackElo "2265"]

1.c4 e6 2.Nf3 d5 3.g3 dxc4 4.Qa4+ Nd7 5.Qxc4 a6 6.d4 Ngf6 7.Bg2 b5 8.Qb3 Bb7
9.a4 b4 10.O-O Bd5 11.Qd1 c5 12.Nbd2 cxd4 13.Nxd4 Bxg2 14.Kxg2 Nc5 15.N2f3 Qd5
16.Be3 Be7 17.Nc2 Qb7 18.Bxc5 Bxc5 19.Ne1 O-O 20.Nd3 Bd6 21.Kg1 Rfd8 22.Qb3 Qe4
23.Rfe1 Rac8 24.Nd2 Qd5 25.Rac1 Be7 26.Rxc8 Rxc8 27.Qxd5 Nxd5 28.Rc1 Rxc1+
29.Nxc1 Kf8 30.e4 Nb6 31.b3 Ke8 32.Kf1 Kd7 33.Nd3 f5 34.f3 fxe4 35.fxe4 Kc6
36.Nf3 Kd7 37.Nd4 Nc8 38.Ke2 Na7 39.Ne5+ Kd6 40.Nc4+ Kd7 41.Kd3 Nc6 42.e5 Bc5
43.Nxc6 Kxc6 44.Ke4 Bg1 45.h3 Bf2 46.g4 Bc5 47.Nb2 Bg1 48.Nd3 Bc5 49.Nf4 Kd7
50.Kd3 Be7 51.Kc4 g6 52.Nd3 a5 53.Nc5+ Kc6 54.Nxe6 Bh4 55.Nd4+ Kd7 56.Kd5 Bf2
57.Nc6 Bb6 58.e6+ Kc7 59.Ne5 Kd8 60.Kc6 Bd4 61.Nc4  1-0

[Event "ch-ESP Abierto"]
[Site "Seville ESP"]
[Date "2004.08.20"]
[Round "8"]
[White "Bernal Moro,L"]
[Black "Baron Rodriguez,Je"]
[Result "0-1"]
[WhiteElo "2425"]
[BlackElo "2409"]

1.c4 e6 2.Nf3 d5 3.b3 Nf6 4.Bb2 Nbd7 5.g3 b6 6.Bg2 Be7 7.O-O O-O 8.e3 Bb7
9.Qe2 a5 10.d3 a4 11.Nbd2 c5 12.Nb1 Ne8 13.bxa4 Rxa4 14.Nc3 Ra5 15.Rfd1 Qa8
16.e4 d4 17.Nb5 Nd6 18.a4 Bc6 19.Ne1 Rxa4 20.Rxa4 Qxa4 21.Ra1 Qb3 22.Na7 Bb7
23.Ra3 Qb4 24.Kf1 b5 25.cxb5 Nxb5 26.Nxb5 Qxb5 27.Qc2 Ne5 28.f4 Ng4 29.Qb3 Ba6
30.Qxb5 Bxb5 31.Ra7 Re8 32.Ra5 Ne3+ 33.Ke2 Nxg2 34.Rxb5 Nxe1 35.Kxe1 f6 36.Kd2 Ra8
37.Kc2 Ra7 38.Rb6 Kf7 39.f5 exf5 40.exf5 g6 41.g4 gxf5 42.gxf5 Kg7 43.Kb3 Kh6
44.Bc1+ Kh5 45.Kc4 Kg4 46.Rb8 Kxf5 47.Rh8 Kg6 48.Bf4 Ra3 49.Kd5 Rxd3 50.Ke6 Kg7
51.Rc8 Bf8 52.Kf5 Rf3 53.Rc7+ Kg8 54.Rc8 Rf1 55.Ke4 Kf7 56.h4 Be7 57.h5 Rh1
58.Rc7 Ke6 59.Rc6+ Kd7 60.Rc7+ Kd8 61.Kd5 d3 62.Kc6 Rh4 63.Rd7+ Ke8 64.Bg3 Rd4
65.Rxd4 cxd4 66.Be1 Ba3  0-1

[Event "Open"]
[Site "Vladimir RUS"]
[Date "2004.08.20"]
[Round "3"]
[White "Shaposhnikov,E"]
[Black "Solovjov,S"]
[Result "1-0"]
[WhiteElo "2563"]
[BlackElo "2464"]

1.c4 e6 2.Nf3 d5 3.d4 c6 4.Bg5 Be7 5.Bxe7 Nxe7 6.e3 Nd7 7.Nc3 O-O 8.Qc2 Ng6
9.h4 h6 10.Bd3 e5 11.cxd5 exd4 12.Nxd4 Nxh4 13.dxc6 Nxg2+ 14.Kf1 Nxe3+ 15.fxe3 Ne5
16.Be4 bxc6 17.Qg2 f5 18.Bxc6 Nxc6 19.Nxc6 Qd3+ 20.Kf2 Qc2+ 21.Ne2 f4 22.Rhc1 fxe3+
23.Kg1 Qe4 24.Rf1 Bg4 25.b3  1-0

[Event "14th Open"]
[Site "Abu Dhabi UAE"]
[Date "2004.08.21"]
[Round "7"]
[White "Vakhidov,T"]
[Black "Nezad,H"]
[Result "1-0"]
[WhiteElo "2504"]
[BlackElo "2312"]

1.c4 e6 2.Nf3 d5 3.g3 Nf6 4.Bg2 Be7 5.O-O O-O 6.b3 c5 7.cxd5 exd5 8.d4 Ne4
9.Bb2 Bf6 10.Nc3 Nc6 11.Na4 b5 12.Nxc5 Nxc5 13.Rc1 Nxb3 14.Qxb3 Qd6 15.Ne5 Ne7
16.Ba3 Qd8 17.Bxe7 Qxe7 18.Bxd5 Bb7 19.Qxb5 Bxd5 20.Qxd5 Rad8 21.Qb5 Bxe5
22.dxe5 Rd2 23.a4 Rfd8 24.e4 h5 25.Rc6 h4 26.e6 fxe6 27.Qe5 R2d6 28.Rxd6 Qxd6
29.Qg5 hxg3 30.hxg3 Qd4 31.Qg6 Qf6 32.Qh5 Qd4 33.Qg4 Qf6 34.Rc1 Rf8 35.Rc2 Qe5
36.Rc6 Rf6 37.Kg2 a5 38.Qe2 Qd4 39.Qc2 Qb4 40.e5 Rh6 41.Rc8+ Kf7 42.Qc6 Kg6
43.Qxe6+ Kh7 44.Qf5+ Rg6 45.Rc6  1-0

[Event "I Fincas Mediterranea"]
[Site "Castelldefels ESP"]
[Date "2004.08.24"]
[Round "7"]
[White "Kosten,A"]
[Black "Hernando Rodrigo,Jo"]
[Result "1-0"]
[WhiteElo "2516"]
[BlackElo "2381"]

1.c4 e6 2.Nf3 d5 3.g3 Nf6 4.Bg2 Be7 5.O-O O-O 6.b3 c5 7.e3 Nc6 8.Bb2 b6 9.Nc3 dxc4
10.bxc4 Qd3 11.Ne1 Qd7 12.Qe2 Bb7 13.f4 Na5 14.d3 Bxg2 15.Qxg2 Rfd8 16.g4 Ne8
17.Rd1 Nd6 18.Nf3 Qb7 19.e4 b5 20.e5 Ndxc4 21.dxc4 Nxc4 22.Bc1 b4 23.Qe2 Rxd1
24.Nxd1 Nb6 25.Nf2 a5 26.Ne4 Qa6 27.Qg2 Qc4 28.Re1 a4 29.f5 Nd5 30.Nd6 Qd3
31.fxe6 fxe6 32.Qe2 Qxe2 33.Rxe2 c4 34.Nd4 b3 35.axb3 Bxd6 36.exd6 axb3 37.Nxe6 Nc3
38.Re1 Na2 39.Bb2 Nb4 40.d7 Nc6 41.Ng5  1-0

[Event "8th WUCC"]
[Site "Instanbul TUR"]
[Date "2004.09.06"]
[Round "3"]
[White "Mallahi,A"]
[Black "Darban,M"]
[Result "1-0"]
[WhiteElo "2387"]
[BlackElo "2315"]

1.c4 e6 2.Nf3 d5 3.g3 Nf6 4.Bg2 Be7 5.O-O O-O 6.b3 c5 7.Bb2 Nc6 8.e3 d4 9.exd4 cxd4
10.Re1 Ne8 11.d3 f6 12.Na3 e5 13.Nc2 Nc7 14.Qd2 a5 15.a3 Re8 16.b4 axb4 17.axb4 Rxa1
18.Rxa1 b5 19.Nh4 Bb7 20.Be4 Bf8 21.Qd1 g6 22.Na3 f5 23.Bh1 bxc4 24.Nxc4 Qb8
25.Qb3 Kh8 26.Nf3 Nb5 27.Qa4 Nca7 28.Re1 Bg7 29.Qb3 h6 30.Ncxe5 Bxe5 31.Nxe5 Bxh1
32.Qf7 Rxe5 33.Qf6+ Kg8 34.Qxg6+ Kf8 35.Qf6+ Kg8 36.Rxe5 Bc6 37.Re7  1-0

[Event "TCh-CRO"]
[Site "Rabac CRO"]
[Date "2004.09.10"]
[Round "6"]
[White "Kurajica,B"]
[Black "Horvath,P1"]
[Result "1-0"]
[WhiteElo "2540"]
[BlackElo "2503"]

1.c4 e6 2.Nf3 d5 3.g3 Nf6 4.Bg2 Be7 5.O-O O-O 6.Ne5 c5 7.cxd5 exd5 8.b3 Be6
9.Bb2 Qc8 10.d4 cxd4 11.Nd2 Nc6 12.Ndf3 Bh3 13.Rc1 Bxg2 14.Kxg2 Qe8 15.Nxc6 bxc6
16.Nxd4 Rc8 17.Qc2 c5 18.Nf5 Qd7 19.Rfd1 Bd8 20.e4 Qe6 21.exd5 Nxd5 22.Bxg7 Re8
23.Bb2 Qc6 24.Kg1 Ba5 25.Qc4  1-0

[Event "TCh-SCG 2nd Liga"]
[Site "Sutomore SCG"]
[Date "2004.09.11"]
[Round "3"]
[White "Darmanovic,S"]
[Black "Dragovic,A"]
[Result "1/2-1/2"]
[WhiteElo "2186"]
[BlackElo "2269"]

1.c4 e6 2.Nf3 d5 3.b3 Nf6 4.g3 Be7 5.Bg2 O-O 6.O-O Nbd7 7.Bb2 b6 8.e3 c5
9.Qe2 Ba6 10.Rd1 Rc8 11.Nc3 Qc7 12.d3 Rfd8 13.Rac1 Qb8 14.a4 Bb7  1/2-1/2

[Event "2nd Saipa Cup"]
[Site "Tehran IRI"]
[Date "2004.09.15"]
[Round "4"]
[White "Mahjoob,M"]
[Black "Mallahi,A"]
[Result "1/2-1/2"]
[WhiteElo "2461"]
[BlackElo "2387"]

1.c4 e6 2.Nf3 d5 3.d4 c5 4.cxd5 exd5 5.g3 Nf6 6.Bg2 Be7 7.O-O O-O 8.Nc3 Nc6
9.dxc5 Bxc5 10.Bg5 d4 11.Ne4 Be7 12.Bxf6 Bxf6 13.Ne1 Be7 14.Nd3 Rb8 15.Rc1 Be6
16.a3 Re8 17.Nf4 Bg4 18.h3 Bf5 19.Nc5 Bxc5 20.Rxc5 Be4 21.Bxe4 Rxe4 22.Qb3 h6
23.Rfc1 Re8 24.Qc4 Qe7 25.b4 Rbd8 26.b5 Ne5 27.Qb3 Rd7 28.a4 b6 29.R5c2 Qf6
30.Rc8 Rxc8 31.Rxc8+ Kh7 32.Qc2+ g6 33.Qe4 Qd6 34.Qa8 d3 35.exd3 Qf6 36.Qe4 Rd4
37.Qe2 Qf5 38.Rc7 Rxa4 39.Re7 Nd7 40.Qb2 Nf8 41.Kg2 Kg8 42.Re8 Qd7 43.Qe5 Rd4
44.Re7 Qd6 45.Qxd6 Rxd6 46.Rxa7 g5 47.Nh5 Rxd3 48.Nf6+ Kg7 49.Ne8+ Kg6 50.Rb7 Nd7
51.Nc7 Kf6 52.Na6 Rd6 53.Rc7 Ke6 54.Nb4 f6 55.Rc8 Rd2 56.Rc6+ Kf7 57.Na6 h5
58.Nc7 Ke7 59.Na8 Rd6 60.g4 hxg4 61.hxg4 Rxc6 62.bxc6 Ne5 63.c7 Kd7 64.Nxb6+ Kxc7
65.Nd5+ Kd6 66.Nxf6  1/2-1/2

[Event "3rd Autumn"]
[Site "Alushta UKR"]
[Date "2004.09.17"]
[Round "11"]
[White "Hasangatin,R"]
[Black "Ovetchkin,R"]
[Result "0-1"]
[WhiteElo "2485"]
[BlackElo "2475"]

1.c4 e6 2.Nf3 d5 3.b3 Nf6 4.g3 c5 5.Bg2 Nc6 6.e3 Be7 7.O-O O-O 8.Bb2 b6 9.Nc3 Ba6
10.d3 Rc8 11.Qe2 Qc7 12.Rac1 Rfd8 13.e4 d4 14.Nb5 Qb8 15.Nd2 Bb7 16.a4 Nd7
17.f4 a6 18.Na3 e5 19.Bh3 Rc7 20.Nf3 Bf6 21.Rf2 Nf8 22.Rcf1 exf4 23.gxf4 Re7
24.Bc1 g6 25.Bd2 Bg7 26.f5 Bc8 27.Nh4 f6 28.Bf4 Qa7 29.Bg3 g5 30.Ng2 Nd7
31.Bg4 Nde5 32.h4 Bh6 33.hxg5 Bxg5 34.Bh5 Rg7 35.Kh2 Be3 36.Nf4 Rxg3 37.Kxg3 Qg7+
38.Kh2 Qh6 39.Rg2+ Kh8 40.Nh3 Nxd3 41.Nc2 Nf4  0-1

[Event "SLO vs NED Juniors"]
[Site "Maribor SLO"]
[Date "2004.09.17"]
[Round "4"]
[White "Janssen,R"]
[Black "Pavasovic,D"]
[Result "1-0"]
[WhiteElo "2484"]
[BlackElo "2592"]

1.c4 e6 2.Nf3 d5 3.d4 c6 4.Nc3 Nf6 5.Bg5 h6 6.Bh4 dxc4 7.e4 g5 8.Bg3 b5 9.Be2 Bb7
10.Ne5 Nbd7 11.O-O b4 12.Nxd7 Nxd7 13.Na4 Nb6 14.Nc5 Bxc5 15.dxc5 Qxd1 16.Rfxd1 Na4
17.Be5 O-O 18.Bxc4 Rfe8 19.f3 Nxc5 20.Bd6 Na4 21.Bb3 Nb6 22.Bxb4 a5 23.Bc5 a4
24.Bc2 Nc4 25.Rd4 Ba6 26.Bxa4 Rec8 27.b4 Ne5 28.Bc2 Bb5 29.a4 Ra6 30.Kf2 Rca8
31.a5 Rc8 32.Rad1 Raa8 33.Bb3 Kg7 34.g3 Kf6 35.R1d2 g4 36.Bd1 gxf3 37.Bxf3 Nxf3
38.Kxf3 Kg6 39.Rd7 Re8 40.g4 Bc4 41.R2d4 Bb3 42.h4 f5 43.exf5+ exf5 44.R4d6+ Be6
45.h5+ Kg5 46.Rg7+ Kh4 47.Bf2+ Kh3 48.gxf5 Bd5+ 49.Rxd5 cxd5 50.Rg4 Re4 51.Rxe4 dxe4+
52.Kxe4 Kg4 53.f6 Kxh5 54.Kd5 Kg6 55.Kc6 h5 56.Kb7 Rf8 57.Bh4 Kf5 58.a6 Kg4
59.a7 Rf7+ 60.Ka6 Rf8 61.b5 Kxh4 62.b6 Kg4 63.b7 Rxf6+ 64.Kb5 Rf5+ 65.Kc6 Rf6+
66.Kd5  1-0

[Event "Tatry Open"]
[Site "Tatranske Zruby SVK"]
[Date "2004.09.25"]
[Round "1"]
[White "Demeter,P"]
[Black "Novotny,M2"]
[Result "1-0"]
[WhiteElo "2293"]
[BlackElo "2030"]

1.c4 e6 2.Nf3 d5 3.g3 Nf6 4.Bg2 c6 5.O-O Nbd7 6.d3 Nb6 7.b3 a5 8.a4 Be7 9.Bb2 O-O
10.Qc2 Nbd7 11.e4 Qb6 12.Nbd2 Bc5 13.d4 Bb4 14.Rad1 Be7 15.Rfe1 dxe4 16.Nxe4 Nxe4
17.Rxe4 Bf6 18.h4 Re8 19.Re3 Qc7 20.h5 Nf8 21.Nh2 Bd7 22.Ng4 Qd8 23.h6 Bg5
24.hxg7 Ng6 25.f4 f5 26.d5 exd5 27.Rxe8+ Qxe8 28.cxd5 fxg4 29.fxg5 Qe3+ 30.Qf2 Qxg5
31.Rf1 Qe7 32.Bf6 Qf7 33.Bd4 Qxf2+ 34.Rxf2 Ne7 35.dxc6 bxc6 36.Be4 Be6 37.Bc5 Nc8
38.Bxc6 Rb8 39.Bd4 Bf7 40.Rxf7  1-0

[Event "1st Central League"]
[Site "Vrnjacka Banja SCG"]
[Date "2004.09.25"]
[Round "1"]
[White "Jovic,Sta"]
[Black "Milosavljevic,M"]
[Result "1-0"]
[WhiteElo "2312"]
[BlackElo "2177"]

1.c4 e6 2.Nf3 d5 3.e3 Nf6 4.b3 b6 5.Bb2 Bb7 6.Be2 Nbd7 7.O-O Be7 8.d3 O-O
9.Nbd2 c5 10.cxd5 Nxd5 11.Ne4 f5 12.Nc3 Bf6 13.d4 Qe7 14.Bc4 Nxc3 15.Bxc3 Kh8
16.Rc1 e5 17.dxc5 Nxc5 18.Bb4 Rac8 19.Qe2 Rfd8 20.Rfd1 Rxd1+ 21.Rxd1 Rd8
22.Rd2 Rxd2 23.Qxd2 Ne4 24.Bxe7 Nxd2 25.Bxf6 Nxf3+ 26.gxf3 gxf6 27.f4 Kg7
28.fxe5 fxe5 29.f4 Kf6 30.Kf2 Be4 31.Kg3 a5 32.a3 Bc2 33.b4 axb4 34.axb4 Be4
35.Be2 Bc2 36.Kh4 exf4 37.exf4 Kg6 38.Bh5+ Kf6 39.Be2 Kg6 40.Bc4 Be4 41.Bb5 Bf3
42.Bd7 Be2 43.Kg3 Bd3 44.Kf2 Kh5 45.Ke3 Be4 46.Kd4 Kh4 47.Ke5 h5 48.h3 Kxh3
49.Bxf5+ Bxf5 50.Kxf5 Kg3 51.Ke5 h4 52.f5 h3 53.f6 h2 54.f7 h1=Q 55.f8=Q Qc6
56.Qd6 Qb5+ 57.Ke6+ Kg4 58.Qd4+ Kh3 59.Kd6 Qa6 60.Kc6 b5+ 61.Qb6 Qa8+ 62.Qb7 Qa4
63.Qxb5 Qc2+ 64.Qc5 Qa4+ 65.Kb6 Kh4 66.b5 Qa8 67.Kc7 Qa5+ 68.Kb7 Qd8 69.b6 Qd7+
70.Qc7 Qd5+ 71.Qc6 Qf7+ 72.Kc8 Qf8+ 73.Kc7 Qf7+ 74.Qd7  1-0